000 01155nam a2200301Ia 4500
003 OSt
005 20221005110616.0
006 a|||||r|||| 00| 0
007 ta
008 221004b |||||||| |||| 00| 0 hin d
020 _a9789326352796 (hbk)
_cINR 170.00
024 _a36977
037 _bBW/1690, 15/03/2018, Bookwell
_cTextual
040 _aCRL
_cCRL
_bhin
041 _2hin
_ahin
082 _aO152,3N81,BA, Q5
100 _aउपाध्याय, हरे प्रकाश, ले.
245 0 _aबखेड़ापुर
246 _aBakheड़āpura
250 _aसंस्करण 2
260 _aनई दिल्ली
_bभारतीय ज्ञानपीठ भारत
_c2015
300 _a130पृ0
_ccm.
490 _aलोकोदय ग्रन्थमाला; ग्रन्थांक 1229
650 _a हिन्दी साहित्य
650 _aहिन्दी कहानी
942 _hO152,3N81,BA, Q5
_cTEXL
_2cc
999 _c1019336
_d1019336